| 000 | 00000cam 2200000zi 4500 |
| 001 | 9.961857 |
| 003 | CaOODSP |
| 005 | 20260604134312 |
| 006 | m o d f |
| 007 | cr cn |||||||| |
| 008 | 260413t20262026onc o f000 0 eng d |
| 020 | |a9780660995137 |
| 040 | |aCaOODSP|beng|erda|cCaOODSP |
| 043 | |an-cn--- |
| 086 | 1 |aBT22-130/2026E-PDF |
| 245 | 00|aCanada's national action plan on open government 2025-2029. |
| 264 | 1|a[Ottawa] : |bTreasury Board of Canada Secretariat = Secrétariat du Conseil du trésor du Canada, |c2026. |
| 264 | 4|c©2026 |
| 300 | |a1 online resource (50 pages) |
| 336 | |atext|btxt|2rdacontent |
| 337 | |acomputer|bc|2rdamedia |
| 338 | |aonline resource|bcr|2rdacarrier |
| 500 | |aIssued also in French under title: Plan d'action national du Canada pour un gouvernement ouvert 2025-2029. |
| 500 | |a"Published: 2026-03-23." |
| 650 | 0|aTransparency (Ethics) in government|zCanada. |
| 650 | 0|aGovernment information|zCanada. |
| 710 | 1 |aCanada. |bTreasury Board, |eissuing body. |
| 775 | 08|tPlan d'action national du Canada pour un gouvernement ouvert 2025-2029.|w(CaOODSP)9.961856 |
| 795 | |tCanada's national action plan on open government 2022-24.|w(CaOODSP)9.911760 |
| 856 | 40|qPDF|s970 KB|uhttps://publications.gc.ca/collections/collection_2026/sct-tbs/BT22-130-2026-eng.pdf |
| 856 | 4 |qHTML|sN/A|uhttps://www.canada.ca/en/government/system/government-wide-reporting-spending-operations/trust-transparency/about-open-government/national-action-plan-open-government/canada-nationa-action-plan-open-government-2025-2029.html |